[Event "San Sebastian Mendez Memorial 8th"]
[Site "San Sebastian del Pepino"]
[Date "2022.01.15"]
[Round "2.1"]
[White "Matos Santoni, Gamalier"]
[Black "Zilleruelo Irizarry, Diego"]
[Result "1-0"]
[WhiteElo "1781"]
[BlackElo "2074"]
[PlyCount "81"]
[EventDate "2022.01.14"]
[EventType "swiss"]
[EventRounds "5"]
[EventCountry "PUR"]
[SourceTitle "EXT 2023"]
[Source "ChessBase"]
[SourceDate "2022.10.05"]
[SourceVersion "1"]
[SourceVersionDate "2022.10.05"]
[SourceQuality "1"]

1. e4 c6 2. d3 d5 3. Nd2 Nf6 4. Ngf3 Bg4 5. h3 Bxf3 6. Qxf3 e6 7. g3 Nbd7 8. Bg2 Be7 9. 0-0 0-0 10. Re1 Rc8 11. e5 Ne8 12. Nf1 f6 13. exf6 Bxf6 14. Qg4 Nc7 15. d4 e5 16. c3 exd4 17. cxd4 Nb5 18. Be3 Re8 19. Rad1 Nf8 20. a4 Nd6 21. b4 a6 22. Nd2 Qb6 23. Rb1 Rcd8 24. h4 Ne6 25. a5 Qa7 26. Nb3 Nb5 27. Rbd1 Re7 28. Rd3 Rde8 29. Red1 Qb8 30. h5 Qd6 31. Bd2 Qd8 32. Re1 Nf8 33. Rxe7 Rxe7 34. Nc5 Nd6 35. Bh3 Ne4 36. Be3 Nxc5 37. dxc5 Re4 38. Qxe4 dxe4 39. Rxd8 Bxd8 40. Bc8 Bf6 41. Bd2 1-0